<?xml version="1.0" encoding="UTF-8"?>
<record
    xmlns:xsi="http://www.w3.org/2001/XMLSchema-instance"
    xsi:schemaLocation="http://www.loc.gov/MARC21/slim http://www.loc.gov/standards/marcxml/schema/MARC21slim.xsd"
    xmlns="http://www.loc.gov/MARC21/slim">

  <leader>02930nam a2200385 u 4500</leader>
  <controlfield tag="001">1236708</controlfield>
  <controlfield tag="005">20260508070642.0</controlfield>
  <controlfield tag="007">co|||||||</controlfield>
  <controlfield tag="008">110328s2011                        mul  </controlfield>
  <datafield tag="035" ind1=" " ind2=" ">
    <subfield code="a">1236708</subfield>
  </datafield>
  <datafield tag="040" ind1=" " ind2=" ">
    <subfield code="c">comduadb</subfield>
  </datafield>
  <datafield tag="041" ind1=" " ind2=" ">
    <subfield code="a">mul</subfield>
  </datafield>
  <datafield tag="082" ind1=" " ind2="4">
    <subfield code="a">394</subfield>
  </datafield>
  <datafield tag="100" ind1="1" ind2="0">
    <subfield code="a">Cruz Casallas, Marlon Andres</subfield>
    <subfield code="4">aut</subfield>
    <subfield code="e">aut</subfield>
    <subfield code="9">615209</subfield>
  </datafield>
  <datafield tag="245" ind1="1" ind2="0">
    <subfield code="a">Memorias de la danza folclorica cuyabra</subfield>
  </datafield>
  <datafield tag="260" ind1=" " ind2=" ">
    <subfield code="a">Medell&#xED;n :</subfield>
    <subfield code="b">[sin publicador],</subfield>
    <subfield code="c">2011 ;</subfield>
    <subfield code="a">Armenia.</subfield>
  </datafield>
  <datafield tag="300" ind1=" " ind2=" ">
    <subfield code="a">1 CD-ROM</subfield>
  </datafield>
  <datafield tag="520" ind1="3" ind2=" ">
    <subfield code="a">Al tratar de imaginar como surgi&#xF3; e inicio el proceso danc&#xED;stico-esc&#xE9;nico en el municipio de Armenia, una localidad tan joven en el contexto nacional, debemos dirigirnos a una serie de personajes, relatos y hechos, que suscitan y convalidan toda una amalgama de informaci&#xF3;n que sistematizadamente fue concatenada, buscando promulgar unas ideas y postulados claros que nos referencien, el devenir de todo el proceso danc&#xED;stico &#xBF; esc&#xE9;nico que tuvo la expresiones de la danza tradicional en la ciudad de Armenia Quind&#xED;o. 
As&#xED; se revelara historicidades y personajes danc&#xED;sticos, que afianzaran una idea clara que permita a todos los habitantes, poder identificarse plenamente con la naturaleza de sus principales caracter&#xED;sticas danc&#xED;sticas; y de este modo poder legitimar y apropiarse de ellas, a fin de conocerlas y respetarlas.
Al trascender las paredes de la academia, se nos impulsa a crear y suscitar mecanismos, que encaminen una ayuda para el desarrollo y la dignificaci&#xF3;n del patrimonio cultural de nuestras regiones; en este caso la danza. 
Es por esto que a lo largo de nuestro historial como maestros-bailarines, vemos la necesidad de sistematizar esta idea, a fin de que en un futuro las nuevas generaciones y los visitantes de nuestra ciudad (Armenia &#xBF; Quind&#xED;o), puedan conocer y tener a su alcance, un material que les permita relacionar el desarrollo cultural, art&#xED;stico y danc&#xED;stico de la Armenia que actualmente vive, y de la Armenia que cotidianamente busca ser dignificada, en su quehacer danc&#xED;stico a nivel nacional.</subfield>
  </datafield>
  <datafield tag="541" ind1=" " ind2=" ">
    <subfield code="a">Proyecto de Profesionalizaci&#xF3;n en Artes Colombia Creativa, Armenia - Quindio.</subfield>
  </datafield>
  <datafield tag="650" ind1=" " ind2=" ">
    <subfield code="a">Danzas folcl&#xF3;ricas colombianas</subfield>
    <subfield code="9">155360</subfield>
  </datafield>
  <datafield tag="650" ind1=" " ind2=" ">
    <subfield code="a">Armenia (Quindio) - Desarrollo cultural</subfield>
    <subfield code="9">190980</subfield>
  </datafield>
  <datafield tag="650" ind1=" " ind2=" ">
    <subfield code="a">Identidad cultural - Quindio (Colombia)</subfield>
    <subfield code="9">160828</subfield>
  </datafield>
  <datafield tag="650" ind1=" " ind2="7">
    <subfield code="a">Memoria colectiva</subfield>
    <subfield code="2">armarc</subfield>
    <subfield code="9">30649</subfield>
  </datafield>
  <datafield tag="650" ind1=" " ind2="7">
    <subfield code="a">Danzas populares y nacionales</subfield>
    <subfield code="2">lemb</subfield>
    <subfield code="9">11160</subfield>
  </datafield>
  <datafield tag="700" ind1="1" ind2="0">
    <subfield code="a">Solano Gutierrez, Diego Alexander</subfield>
    <subfield code="4">aut</subfield>
    <subfield code="e">aut</subfield>
    <subfield code="9">616175</subfield>
  </datafield>
  <datafield tag="700" ind1="1" ind2="0">
    <subfield code="a">Chilito Navia, Dulfay</subfield>
    <subfield code="4">aut</subfield>
    <subfield code="e">aut</subfield>
    <subfield code="9">617831</subfield>
  </datafield>
  <datafield tag="700" ind1="1" ind2="0">
    <subfield code="a">Rincon de la Pava, Norbey</subfield>
    <subfield code="4">aut</subfield>
    <subfield code="e">aut</subfield>
    <subfield code="9">616176</subfield>
  </datafield>
  <datafield tag="700" ind1="1" ind2="0">
    <subfield code="a">Villegas Hincapi&#xE9;, Lina Mar&#xED;a</subfield>
    <subfield code="4">ths</subfield>
    <subfield code="e">ths</subfield>
    <subfield code="9">314446</subfield>
  </datafield>
  <datafield tag="700" ind1="1" ind2="0">
    <subfield code="a">Viana Cisneros, Luis Felipe</subfield>
    <subfield code="4">ths</subfield>
    <subfield code="e">ths</subfield>
    <subfield code="9">600597</subfield>
  </datafield>
  <datafield tag="700" ind1="1" ind2="0">
    <subfield code="a">Parra D&#xED;az, An&#xED;bal Ignacio</subfield>
    <subfield code="4">ths</subfield>
    <subfield code="e">ths</subfield>
    <subfield code="9">320997</subfield>
  </datafield>
  <datafield tag="700" ind1="1" ind2="0">
    <subfield code="a">Tamayo, Ana Mar&#xED;a</subfield>
    <subfield code="4">ths</subfield>
    <subfield code="e">ths</subfield>
    <subfield code="9">600338</subfield>
  </datafield>
  <datafield tag="942" ind1=" " ind2=" ">
    <subfield code="c">TESIS</subfield>
  </datafield>
  <datafield tag="999" ind1=" " ind2=" ">
    <subfield code="c">573202</subfield>
    <subfield code="d">573202</subfield>
  </datafield>
  <datafield tag="502" ind1=" " ind2=" ">
    <subfield code="b">32</subfield>
    <subfield code="c">7</subfield>
  </datafield>
  <datafield tag="526" ind1=" " ind2=" ">
    <subfield code="a">32</subfield>
  </datafield>
  <datafield tag="952" ind1=" " ind2=" ">
    <subfield code="0">0</subfield>
    <subfield code="1">0</subfield>
    <subfield code="4">0</subfield>
    <subfield code="7">0</subfield>
    <subfield code="8">TESDIGBC</subfield>
    <subfield code="a">BC</subfield>
    <subfield code="b">BC</subfield>
    <subfield code="d">2011-03-28</subfield>
    <subfield code="e">Material adquirido por donaci&#xF3;n</subfield>
    <subfield code="i">C1113048</subfield>
    <subfield code="l">0</subfield>
    <subfield code="o">394.319 C957 CD-ROM</subfield>
    <subfield code="p">0751778</subfield>
    <subfield code="r">2023-05-01 00:00:00</subfield>
    <subfield code="t">1</subfield>
    <subfield code="w">2023-05-01</subfield>
    <subfield code="y">DIGITAL</subfield>
  </datafield>
  <datafield tag="952" ind1=" " ind2=" ">
    <subfield code="0">0</subfield>
    <subfield code="1">0</subfield>
    <subfield code="4">0</subfield>
    <subfield code="7">0</subfield>
    <subfield code="8">GENERAL</subfield>
    <subfield code="a">CEDEA</subfield>
    <subfield code="b">CEDEA</subfield>
    <subfield code="d">2011-03-31</subfield>
    <subfield code="i">C1114116</subfield>
    <subfield code="l">0</subfield>
    <subfield code="o">TRA/LIED0043 2011 CD-ROM e2</subfield>
    <subfield code="p">0780510</subfield>
    <subfield code="r">2023-05-01 00:00:00</subfield>
    <subfield code="t">2</subfield>
    <subfield code="w">2023-05-01</subfield>
    <subfield code="y">DIGITAL</subfield>
  </datafield>
</record>
